[Event "SVK-chT4 A22 1617"]
[Site "Slovakia"]
[Date "2016.11.06"]
[Round "3.5"]
[White "Both, Lajos"]
[Black "Szocs, Ladislav"]
[Result "1/2-1/2"]
[WhiteElo "1808"]
[BlackElo "1870"]
[PlyCount "38"]
[EventDate "2016.10.09"]
[EventType "team-tourn"]
[EventRounds "11"]
[EventCountry "SVK"]
[SourceTitle "EXT 2020"]
[Source "ChessBase"]
[SourceDate "2019.10.17"]
[SourceVersion "1"]
[SourceVersionDate "2019.10.17"]
[SourceQuality "1"]

1. d4 Nf6 2. Bg5 g6 3. Bxf6 exf6 4. e4 Bg7 5. Bc4 0-0 6. Ne2 d6 7. 0-0 f5 8. exf5 Bxf5 9. Ng3 Bd7 10. c3 Nc6 11. Nd2 Ne7 12. Nf3 Bg4 13. h3 Bxf3 14. Qxf3 d5 15. Bd3 Qd7 16. Rfe1 Rfe8 17. Re2 c6 18. Rae1 Rad8 19. h4 h5 1/2-1/2

[Event "SVK-chT4 A22 1617"]
[Site "Slovakia"]
[Date "2016.10.23"]
[Round "2.2"]
[White "Both, Lajos"]
[Black "Gajarsky, Roman"]
[Result "0-1"]
[WhiteElo "1810"]
[BlackElo "1727"]
[PlyCount "54"]
[EventDate "2016.10.09"]
[EventType "team-tourn"]
[EventRounds "11"]
[EventCountry "SVK"]
[SourceTitle "EXT 2020"]
[Source "ChessBase"]
[SourceDate "2019.10.17"]
[SourceVersion "1"]
[SourceVersionDate "2019.10.17"]
[SourceQuality "1"]

1. e4 d6 2. d4 f5 3. Bd3 fxe4 4. Bxe4 Nf6 5. Bd3 e5 6. Qe2 Qe7 7. dxe5 Qxe5 8. Qxe5+ dxe5 9. f3 Nc6 10. c3 Bc5 11. Ne2 Be6 12. Ng3 0-0-0 13. Bc2 Rd7 14. Nd2 Rhd8 15. Nde4 Nxe4 16. Nxe4 Bb6 17. Bg5 Rf8 18. Bh4 h6 19. Bf2 Bxf2+ 20. Kxf2 b6 21. Ke3 Ne7 22. b3 Nd5+ 23. Ke2 Bf5 24. c4 Nf4+ 25. Kf2 Bxe4 26. Bxe4 Rd2+ 27. Ke3 Re2# 0-1

[Event "SVK-chT4 A22 1617"]
[Site "Slovakia"]
[Date "2016.10.09"]
[Round "1.6"]
[White "Arpa, Zoltan"]
[Black "Both, Lajos"]
[Result "0-1"]
[WhiteElo "1785"]
[BlackElo "1810"]
[PlyCount "62"]
[EventDate "2016.10.09"]
[EventType "team-tourn"]
[EventRounds "11"]
[EventCountry "SVK"]
[SourceTitle "EXT 2020"]
[Source "ChessBase"]
[SourceDate "2019.10.17"]
[SourceVersion "1"]
[SourceVersionDate "2019.10.17"]
[SourceQuality "1"]

1. d4 Nf6 2. c4 c5 3. e3 g6 4. Nf3 Bg7 5. Nc3 b6 6. Bd3 Bb7 7. d5 0-0 8. 0-0 d6 9. Re1 Na6 10. a3 e6 11. e4 exd5 12. exd5 Nc7 13. Bg5 h6 14. Bh4 Qd7 15. Qc2 Rae8 16. Ne4 Nxe4 17. Rxe4 Rxe4 18. Bxe4 f5 19. Bd3 b5 20. h3 bxc4 21. Bxc4 Bxd5 22. Bxd5+ Nxd5 23. Qb3 Qf7 24. Rd1 Nb6 25. Qxf7+ Kxf7 26. Rxd6 Bxb2 27. a4 g5 28. Bg3 f4 29. Bh2 Bg7 30. g3 Ke7 31. Rc6 fxg3 0-1

[Event "SVK-chT4 A22 1516"]
[Site "Slovakia"]
[Date "2015.10.18"]
[Round "2.1"]
[White "Szocs, Ladislav"]
[Black "Both, Lajos"]
[Result "0-1"]
[WhiteElo "1895"]
[BlackElo "1816"]
[PlyCount "66"]
[EventDate "2015.10.04"]
[EventType "team-tourn"]
[EventRounds "11"]
[EventCountry "SVK"]
[SourceTitle "EXT 2020"]
[Source "ChessBase"]
[SourceDate "2019.10.17"]
[SourceVersion "1"]
[SourceVersionDate "2019.10.17"]
[SourceQuality "1"]

1. e4 e6 2. d4 d5 3. e5 c5 4. Nf3 Nc6 5. Bd3 Qb6 6. 0-0 Nxd4 7. Nxd4 cxd4 8. Nd2 Bd7 9. Nf3 Ne7 10. Qe2 Nc6 11. a3 Be7 12. b4 f6 13. b5 Nxe5 14. Nxe5 fxe5 15. Qh5+ Kd8 16. Qxe5 Bf6 17. Bg5 Ke7 18. Rfe1 Qc5 19. Bf5 Qd6 20. Qxd4 Kf7 21. Bxf6 gxf6 22. Bd3 e5 23. Qh4 Rag8 24. Qh5+ Ke7 25. c4 Bg4 26. Qh4 Bf3 27. g3 Rg4 28. Qh6 e4 29. cxd5 Qxd5 30. Rac1 Qxd3 31. Rc7+ Ke6 32. Rec1 Rd8 33. R7c6+ bxc6 0-1

[Event "SVK-chT4 A22 1415"]
[Site "Slovakia"]
[Date "2015.03.15"]
[Round "11.2"]
[White "Both, Lajos"]
[Black "Suchan, Jozef"]
[Result "1-0"]
[WhiteElo "1823"]
[BlackElo "1707"]
[PlyCount "115"]
[EventDate "2014.10.12"]
[EventType "team-tourn"]
[EventRounds "11"]
[EventCountry "SVK"]
[SourceTitle "EXT 2019"]
[Source "ChessBase"]
[SourceDate "2018.10.10"]
[SourceVersion "1"]
[SourceVersionDate "2018.10.10"]
[SourceQuality "1"]

1. Nf3 Nf6 2. g3 e6 3. Bg2 Be7 4. 0-0 0-0 5. d3 d5 6. Nbd2 c5 7. e4 Nc6 8. b3 Qc7 9. Bb2 d4 10. a4 e5 11. Nc4 Bg4 12. h3 Be6 13. Bc1 h6 14. Bd2 b6 15. Ne1 Rad8 16. f4 Bxc4 17. bxc4 Kh7 18. f5 Kh8 19. Nf3 Rd6 20. Qc1 Nh7 21. Kh2 Qd8 22. Qe1 Ng5 23. h4 Nxf3+ 24. Bxf3 Kh7 25. Kh3 Rg8 26. Bg4 Rh8 27. Bh5 Kg8 28. a5 g6 29. fxg6 fxg6 30. Bg4 Kg7 31. axb6 axb6 32. Ra6 Nb8 33. Ra8 Rf8 34. Rxf8 Qxf8 35. Kg2 Rf6 36. c3 Bd6 37. Ra7+ Rf7 38. Rxf7+ Qxf7 39. cxd4 cxd4 40. Qa1 Qb7 41. Be6 Nd7 42. Bxd7 Qxd7 43. Qc1 h5 44. Bg5 Qa4 45. Qf1 Qd7 46. Qf6+ Kh7 47. Qf3 Bc7 48. Qf8 Qg7 49. Qe8 Bd6 50. Qe6 Bc7 51. Bf6 Qf8 52. Bxe5 Bxe5 53. Qxe5 Qa3 54. Qxd4 Qa2+ 55. Qf2 Qb1 56. Qe2 b5 57. cxb5 Qxb5 58. Qd2 1-0

[Event "SVK-chT4 A22 1415"]
[Site "Slovakia"]
[Date "2015.03.01"]
[Round "10.5"]
[White "Sipkovsky, Ladislav"]
[Black "Both, Lajos"]
[Result "0-1"]
[WhiteElo "1837"]
[BlackElo "1823"]
[PlyCount "100"]
[EventDate "2014.10.12"]
[EventType "team-tourn"]
[EventRounds "11"]
[EventCountry "SVK"]
[SourceTitle "EXT 2019"]
[Source "ChessBase"]
[SourceDate "2018.10.10"]
[SourceVersion "1"]
[SourceVersionDate "2018.10.10"]
[SourceQuality "1"]

1. e4 c5 2. Nf3 Nc6 3. g3 g6 4. Bg2 Bg7 5. 0-0 d6 6. c3 Qb6 7. d3 Bg4 8. Nbd2 Nf6 9. Nc4 Qc7 10. Bg5 h6 11. Bd2 b5 12. Ne3 Ne5 13. Nxg4 Nfxg4 14. Bf4 Nxf3+ 15. Bxf3 Ne5 16. Bg2 0-0 17. Qd2 Kh7 18. Qe2 Rab8 19. Be3 Nc6 20. f4 b4 21. c4 a5 22. Rab1 Bd4 23. Kh1 Bxe3 24. Qxe3 Nd4 25. Rf2 f6 26. f5 g5 27. g4 Kg7 28. Qh3 Qd8 29. Bf3 Qe8 30. Bd1 a4 31. Qg3 a3 32. b3 Rh8 33. h4 gxh4 34. Qxh4 Nc6 35. Rh2 Ne5 36. Be2 Rh7 37. Kg2 Qf7 38. Rbh1 Rbh8 39. Qf2 Nc6 40. Qe3 Qf8 41. Bf3 Ne5 42. Bd1 Kg8 43. d4 cxd4 44. Qxd4 Qb8 45. Qd2 Kg7 46. Qd5 Qc7 47. Be2 Nf7 48. Rc1 Qc5 49. Rd1 Qe3 50. Rh3 Qxe2+ 0-1

[Event "SVK-chT4 A22 1415"]
[Site "Slovakia"]
[Date "2015.01.18"]
[Round "7.4"]
[White "Both, Lajos"]
[Black "Pinkas, Jan"]
[Result "1-0"]
[WhiteElo "1823"]
[BlackElo "1532"]
[PlyCount "75"]
[EventDate "2014.10.12"]
[EventType "team-tourn"]
[EventRounds "11"]
[EventCountry "SVK"]
[SourceTitle "EXT 2019"]
[Source "ChessBase"]
[SourceDate "2018.10.10"]
[SourceVersion "1"]
[SourceVersionDate "2018.10.10"]
[SourceQuality "1"]

1. Nf3 Nf6 2. g3 e6 3. Bg2 d5 4. d4 b6 5. 0-0 c5 6. c3 Bd6 7. Nbd2 0-0 8. e3 Bb7 9. Re1 Nbd7 10. Qc2 h6 11. dxc5 Nxc5 12. Nb3 Qc7 13. Nxc5 Bxc5 14. Nd4 Bxd4 15. exd4 Rac8 16. Bf4 Qc4 17. Bf1 Qc6 18. Qe2 a6 19. Qf3 Rfe8 20. Bxh6 Nh7 21. Qg4 g6 22. Bd3 Kh8 23. Qf4 Qd7 24. Re2 Qe7 25. h4 Qf6 26. Rae1 Qxf4 27. Bxf4 Rc6 28. Bc2 b5 29. a4 Kg7 30. axb5 axb5 31. Ra1 Ra6 32. Rxa6 Bxa6 33. Re1 Ra8 34. Ra1 Bb7 35. Rxa8 Bxa8 36. Bd6 Nf6 37. Be5 Bc6 38. g4 1-0